000 00342pam a2200157a 44500
008 230515b2003 xxu||||| |||| 00| 0 eng d
020 _aNULL
041 _aENGLISH
082 _a630
100 _aDR JAGDISH LAL
245 _aTHEORY OF MECHANISMS & MACHINES
250 _a0
260 _aN
_bN/A
_c2003
300 _a975
650 _aNULL
999 _c651199
_d651199